[Event "Moravia-Silesia Region-chT 2223"]
[Site "Czech Republic"]
[Date "2023.01.15"]
[Round "6"]
[White "Ramik, Jan"]
[Black "Petrov, Nikolaj"]
[Result "0-1"]
[WhiteElo "1958"]
[BlackElo "1678"]
[PlyCount "40"]
[EventDate "2022.10.09"]
[EventType "team-tourn"]
[EventRounds "11"]
[EventCountry "CZE"]
[SourceTitle "EXT 2024"]
[Source "ChessBase"]
[SourceDate "2023.10.10"]
[SourceVersion "1"]
[SourceVersionDate "2023.10.10"]
[SourceQuality "1"]
[WhiteTeam "Havirov Banik"]
[BlackTeam "Ostrava III"]
[WhiteTeamCountry "CZE"]
[BlackTeamCountry "CZE"]

1. Nf3 c5 2. e3 Nf6 3. b3 Nc6 4. Bb2 d6 5. d4 cxd4 6. exd4 d5 7. Be2 g6 8. 0-0 Bg7 9. c4 0-0 10. Nc3 Bf5 11. Rc1 Rc8 12. Re1 Bh6 13. Ra1 Nb4 14. Rf1 Bc2 15. Qe1 Nd3 16. Bxd3 Bxd3 17. Ne2 dxc4 18. bxc4 Bxc4 19. Qd1 Qb6 20. Ba3 Qa6 0-1

[Event "CZE-chT2F 1920"]
[Site "Czech Republic"]
[Date "2020.01.12"]
[Round "6.7"]
[White "Chrostek, Lukas"]
[Black "Ramik, Jan"]
[Result "0-1"]
[WhiteElo "1927"]
[BlackElo "1971"]
[PlyCount "142"]
[EventDate "2019.10.13"]
[EventType "team-tourn"]
[EventRounds "11"]
[EventCountry "CZE"]
[SourceTitle "EXT 2024"]
[Source "ChessBase"]
[SourceDate "2023.10.10"]
[SourceVersion "1"]
[SourceVersionDate "2023.10.10"]
[SourceQuality "1"]
[WhiteTeam "Ostrava TJ Nova Hut II"]
[BlackTeam "Havirov Banik"]
[WhiteTeamCountry "CZE"]
[BlackTeamCountry "CZE"]

1. c4 Nf6 2. Nc3 e6 3. d4 Bb4 4. Bg5 h6 5. Bh4 b6 6. Qb3 c5 7. 0-0-0 cxd4 8. Qxb4 dxc3 9. Qxc3 Bb7 10. f3 0-0 11. Bxf6 Qxf6 12. Qxf6 gxf6 13. e4 Rd8 14. Nh3 Nc6 15. Nf2 Ne5 16. Kb1 Rac8 17. b3 d5 18. cxd5 exd5 19. exd5 Rxd5 20. Rxd5 Bxd5 21. Ba6 Rc7 22. Rd1 Be6 23. Ne4 Bf5 24. Kb2 Bxe4 25. fxe4 Kg7 26. Rd8 Nc6 27. Rc8 Rxc8 28. Bxc8 Kg6 29. Kc3 Ne7 30. Bd7 f5 31. Kd4 fxe4 32. Kxe4 Kf6 33. a4 Ng6 34. Kd5 Ke7 35. Bf5 Nf4+ 36. Kc6 Nxg2 37. Kb7 Kd6 38. Kxa7 Kc7 39. Ka6 Ne3 40. Be4 f5 41. Bf3 Nf1 42. h3 Nd2 43. Bd1 f4 44. a5 bxa5 45. Kxa5 f3 46. Kb4 f2 47. Be2 f1Q 48. Bxf1 Nxf1 49. Kc5 Nd2 50. Kd5 Kd7 51. b4 Nb1 52. Ke5 Ke7 53. b5 Na3 54. Kf5 Kf7 55. b6 Nc4 56. Kg4 Nxb6 57. Kh5 Kg7 58. Kg4 Kg6 59. h4 Nd5 60. Kg3 Kh5 61. Kh3 Nf4+ 62. Kg3 Ng6 63. Kh3 Nxh4 64. Kg3 Kg5 65. Kh3 Ng6 66. Kg3 h5 67. Kh3 h4 68. Kg2 Kg4 69. Kh2 Nf4 70. Kg1 Kg3 71. Kh1 Nd3 0-1

[Event "CZE-chT2F 1819"]
[Site "Czech Republic"]
[Date "2019.01.13"]
[Round "6.5"]
[White "Ramik, Jan"]
[Black "Cupek, Martin"]
[Result "1/2-1/2"]
[WhiteElo "1965"]
[BlackElo "2071"]
[PlyCount "38"]
[EventDate "2018.10.14"]
[EventType "team-tourn"]
[EventRounds "11"]
[EventCountry "CZE"]
[SourceTitle "EXT 2022"]
[Source "ChessBase"]
[SourceDate "2021.10.06"]
[SourceVersion "1"]
[SourceVersionDate "2021.10.06"]
[SourceQuality "1"]
[WhiteTeam "Havirov Banik"]
[BlackTeam "Trinec II"]
[WhiteTeamCountry "CZE"]
[BlackTeamCountry "CZE"]

1. Nf3 d5 2. b3 Bg4 3. Bb2 Bxf3 4. gxf3 d4 5. f4 g5 6. Bg2 c6 7. e3 gxf4 8. Bxd4 Nf6 9. Bxf6 exf6 10. Qg4 Qc7 11. Nc3 Nd7 12. Ne2 fxe3 13. fxe3 Qe5 14. Qd4 Bc5 15. Qxe5+ fxe5 16. 0-0-0 Ba3+ 17. Kb1 Be7 18. Rdf1 Nb6 19. Bh3 Rd8 1/2-1/2

[Event "CZE-chT2F 1516"]
[Site "Czech Republic"]
[Date "2015.11.08"]
[Round "2.18"]
[White "Blumel, Michal"]
[Black "Ramik, Jan"]
[Result "0-1"]
[WhiteElo "1847"]
[BlackElo "1962"]
[PlyCount "68"]
[EventDate "2015.10.18"]
[EventType "team-tourn"]
[EventRounds "11"]
[EventCountry "CZE"]
[SourceTitle "EXT 2022"]
[Source "ChessBase"]
[SourceDate "2021.10.06"]
[SourceVersion "1"]
[SourceVersionDate "2021.10.06"]
[SourceQuality "1"]
[WhiteTeam "Kromeriz Slavia II"]
[BlackTeam "Havirov Banik"]
[WhiteTeamCountry "CZE"]
[BlackTeamCountry "CZE"]

1. e4 e5 2. Nf3 Nc6 3. Bc4 Nf6 4. Ng5 d5 5. exd5 Na5 6. Bb5+ c6 7. dxc6 bxc6 8. Qf3 Bd7 9. Ba4 Be7 10. d3 0-0 11. 0-0 Qc7 12. Nc3 h6 13. Nge4 Nh7 14. Qg3 Kh8 15. f4 f5 16. Nf2 Bd6 17. Ne2 g5 18. Qh3 gxf4 19. b4 Bxb4 20. Bb2 Bd2 21. Qxh6 Rf6 22. Qh3 Kg7 23. Nd1 Ng5 24. Qh5 f3 25. Ng3 Rh6 26. gxf3 Rxh5 27. Nxh5+ Kg6 28. Ng3 Rb8 29. h4 Nf7 30. Kg2 Rg8 31. Nf2 Bf4 32. Ne2 Kh7+ 33. Kh3 Bh6 34. Kh2 Qd8 0-1

[Event "CZE-chT2F 1213"]
[Site "Czech Republic"]
[Date "2013.01.06"]
[Round "6.58"]
[White "Ramik, Jan"]
[Black "Trombik, Karel"]
[Result "0-1"]
[WhiteElo "1978"]
[BlackElo "2044"]
[PlyCount "106"]
[EventDate "2012.10.14"]
[EventType "team-tourn"]
[EventRounds "11"]
[EventCountry "CZE"]
[SourceTitle "EXT 2016"]
[Source "ChessBase"]
[SourceDate "2015.10.08"]
[SourceVersion "1"]
[SourceVersionDate "2015.10.08"]
[SourceQuality "1"]
[WhiteTeam "Havirov Banik"]
[BlackTeam "Orlova Slavia II"]
[WhiteTeamCountry "CZE"]
[BlackTeamCountry "CZE"]

1. Nf3 d5 2. b3 Nf6 3. Bb2 Nbd7 4. e3 e6 5. Be2 Be7 6. c4 0-0 7. Nc3 b6 8. cxd5 exd5 9. 0-0 c5 10. d4 Bb7 11. Qd3 Rc8 12. Rfd1 Re8 13. Ne5 cxd4 14. exd4 Bd6 15. Nb5 Nxe5 16. dxe5 Bxe5 17. Bxe5 Rxe5 18. Nxa7 Ra8 19. Nb5 Ba6 20. Bf3 Qe8 21. a4 Bxb5 22. Qxb5 Qxb5 23. axb5 Rxa1 24. Rxa1 g5 25. h3 h5 26. Ra4 Kg7 27. Rd4 Kg6 28. Kf1 Kg7 29. Be2 Re8 30. Ra4 Rc8 31. g4 hxg4 32. hxg4 Rd8 33. Rd4 Kf8 34. f4 gxf4 35. Rxf4 Ke7 36. Bd3 Nd7 37. Bf5 Nc5 38. Rf3 Ne6 39. Rc3 Rd6 40. Rc8 Nd4 41. Rc7+ Kf6 42. Bd7 Nxb3 43. Kf2 Ke5 44. Bf5 f6 45. Ke3 d4+ 46. Kd3 Nc5+ 47. Kd2 d3 48. Ke3 d2 49. Re7+ Ne6 50. Bxe6 d1N+ 51. Kf3 Rxe6 52. Rc7 Nb2 53. Rc6 Rxc6 0-1

[Event "CZE-chT2F 1112"]
[Site "Czech Republic"]
[Date "2012.02.05"]
[Round "7.48"]
[White "Ramik, Jan"]
[Black "Remes, Radek"]
[Result "1-0"]
[WhiteElo "1994"]
[BlackElo "1963"]
[PlyCount "85"]
[EventDate "2011.10.09"]
[EventType "team-tourn"]
[EventRounds "11"]
[EventCountry "CZE"]
[SourceTitle "EXT 2013"]
[Source "ChessBase"]
[SourceDate "2012.11.22"]
[SourceVersion "1"]
[SourceVersionDate "2012.11.22"]
[SourceQuality "1"]
[WhiteTeam "Havirov"]
[BlackTeam "Dobra"]
[WhiteTeamCountry "CZE"]
[BlackTeamCountry "CZE"]

1. Nf3 Nf6 2. b3 g6 3. Bb2 Bg7 4. e3 0-0 5. Be2 d6 6. d4 c6 7. 0-0 Nbd7 8. c4 Ne4 9. Nc3 Nxc3 10. Bxc3 c5 11. Qc2 cxd4 12. exd4 d5 13. Rad1 Nf6 14. Ne5 Bf5 15. Qb2 a5 16. Rfe1 Ne4 17. Bf3 Nxc3 18. Qxc3 Be6 19. h4 h5 20. Nxg6 fxg6 21. Rxe6 Rc8 22. Rxg6 b5 23. Qe3 dxc4 24. Qg5 Rf7 25. Bd5 e6 26. Bxe6 Qxg5 27. Rxg5 Rcc7 28. Rxb5 c3 29. Bxf7+ Kxf7 30. Rc5 Rxc5 31. dxc5 Bh6 32. c6 c2 33. Re1 Bf4 34. c7 Bxc7 35. Rc1 Bd8 36. Rxc2 Kg6 37. Rc6+ Kf5 38. Rc5+ Kg4 39. Kh2 a4 40. f3+ Kf4 41. Rc4+ Ke3 42. Rxa4 Bc7+ 43. Kh3 1-0

[Event "CZE-chT2F 1112"]
[Site "Czech Republic"]
[Date "2011.11.06"]
[Round "2.8"]
[White "Travnicek, Peter Jr"]
[Black "Ramik, Jan"]
[Result "1-0"]
[WhiteElo "2165"]
[BlackElo "1994"]
[PlyCount "75"]
[EventDate "2011.10.09"]
[EventType "team-tourn"]
[EventRounds "11"]
[EventCountry "CZE"]
[SourceTitle "EXT 2013"]
[Source "ChessBase"]
[SourceDate "2012.11.22"]
[SourceVersion "1"]
[SourceVersionDate "2012.11.22"]
[SourceQuality "1"]
[WhiteTeam "Olomouc"]
[BlackTeam "Havirov"]
[WhiteTeamCountry "CZE"]
[BlackTeamCountry "CZE"]

1. d4 Nf6 2. Nf3 b6 3. Bf4 Bb7 4. e3 e6 5. Nbd2 Be7 6. h3 0-0 7. Bd3 c5 8. c3 Nc6 9. 0-0 d5 10. Nh2 Re8 11. Bg3 Bd6 12. Bxd6 Qxd6 13. f4 Ne7 14. Qf3 a5 15. Rf2 Ba6 16. Bc2 b5 17. Ng4 Nd7 18. Ne5 Nf8 19. Qh5 g6 20. Qg5 Nf5 21. Ng4 Nd7 22. e4 Ng7 23. e5 Qf8 24. dxc5 Qxc5 25. Nf3 Qf8 26. Nh4 Nh5 27. Nh6+ Kh8 28. Nxf7+ Qxf7 29. Nxg6+ hxg6 30. Bxg6 Qe7 31. Qxh5+ Kg8 32. Rf3 Qc5+ 33. Kh1 Re7 34. Rg3 Rg7 35. Bf7+ Kf8 36. Qh8+ Ke7 37. Qxg7 Rf8 38. Bxe6+ 1-0

[Event "CZE-chT2F 1011"]
[Site "Czech Republic"]
[Date "2011.01.09"]
[Round "5.8"]
[White "Ramik, Jan"]
[Black "Urbasek, Josef"]
[Result "1-0"]
[WhiteElo "2008"]
[BlackElo "1664"]
[PlyCount "55"]
[EventDate "2010.10.17"]
[EventType "team-tourn"]
[EventRounds "11"]
[EventCountry "CZE"]
[SourceTitle "EXT 2012"]
[Source "ChessBase"]
[SourceDate "2011.11.24"]
[SourceVersion "1"]
[SourceVersionDate "2011.11.24"]
[SourceQuality "1"]
[WhiteTeam "Havirov"]
[BlackTeam "Unicov"]
[WhiteTeamCountry "CZE"]
[BlackTeamCountry "CZE"]

1. Nf3 d5 2. b3 Nc6 3. Bb2 e6 4. e3 a6 5. Be2 Nf6 6. 0-0 g6 7. Ne5 Nxe5 8. Bxe5 Bg7 9. c4 0-0 10. Nc3 c6 11. Qc2 Ne8 12. Bxg7 Nxg7 13. d4 Qc7 14. Rac1 Nf5 15. cxd5 cxd5 16. Na4 Qxc2 17. Rxc2 b5 18. Nc5 Nd6 19. Rfc1 Ra7 20. g3 f6 21. h4 e5 22. Bf3 e4 23. Be2 h5 24. a4 f5 25. Ra1 Bd7 26. Nxd7 Rxd7 27. axb5 axb5 28. Ra6 1-0

[Event "Karvina op"]
[Site "Karvina"]
[Date "2006.07.??"]
[Round "2"]
[White "Marszalek, Zdzislaw"]
[Black "Ramik, Jan"]
[Result "1/2-1/2"]
[WhiteElo "1745"]
[BlackElo "1995"]
[PlyCount "94"]
[EventDate "2006.07.??"]
[EventType "swiss"]
[EventRounds "7"]
[EventCountry "CZE"]
[SourceTitle "EXT 2008"]
[Source "ChessBase"]
[SourceDate "2007.11.25"]
[SourceVersion "1"]
[SourceVersionDate "2007.11.25"]
[SourceQuality "1"]

1. e4 e5 2. Nf3 Nc6 3. Bc4 Nf6 4. d4 exd4 5. Ng5 d5 6. exd5 Na5 7. Bb5+ c6 8. dxc6 bxc6 9. Bd3 Be7 10. 0-0 0-0 11. Ne4 Qd5 12. Qf3 Be6 13. Nbd2 Rac8 14. Nxf6+ Bxf6 15. Ne4 Be7 16. Ng5 Qxf3 17. Nxf3 c5 18. Bd2 Nc4 19. Bxc4 Bxc4 20. Rfe1 Bf6 21. Bg5 Bxg5 22. Nxg5 h6 23. Ne4 Rfe8 24. f3 Be6 25. b3 Kf8 26. Rac1 c4 27. b4 d3 28. cxd3 cxd3 29. Rxc8 Rxc8 30. Rd1 Rc2 31. Rxd3 Rxa2 32. Rd4 Ke7 33. Nc5 Rb2 34. h3 Rc2 35. Rd3 Rc4 36. Ra3 Rxb4 37. Rxa7+ Kf6 38. Ra5 Rb2 39. Kh2 Bc4 40. Ra1 Kg6 41. Rc1 Bb5 42. Ne4 Bd7 43. Rd1 Be6 44. Rd2 Rxd2 45. Nxd2 Kf5 46. Kg3 Ke5 47. Kf2 Kd4 1/2-1/2

[Event "Karvina op"]
[Site "Karvina"]
[Date "2006.07.??"]
[Round "7"]
[White "Ramik, Jan"]
[Black "Klima, Lukas"]
[Result "0-1"]
[WhiteElo "1995"]
[BlackElo "2443"]
[PlyCount "74"]
[EventDate "2006.07.??"]
[EventType "swiss"]
[EventRounds "7"]
[EventCountry "CZE"]
[SourceTitle "EXT 2008"]
[Source "ChessBase"]
[SourceDate "2007.11.25"]
[SourceVersion "1"]
[SourceVersionDate "2007.11.25"]
[SourceQuality "1"]

1. Nf3 Nf6 2. b3 g6 3. Bb2 Bg7 4. e3 0-0 5. Be2 d6 6. d4 Nbd7 7. c4 e5 8. Nc3 Re8 9. h3 c6 10. 0-0 e4 11. Nh2 Nf8 12. Qc2 h5 13. Rfd1 N8h7 14. Rac1 Bf5 15. b4 Qd7 16. Rd2 Ng5 17. Bf1 h4 18. Qd1 Kh7 19. Ba3 Nh5 20. d5 Be5 21. dxc6 bxc6 22. b5 Bxh3 23. bxc6 Qf5 24. Bxd6 Bxh2+ 25. Bxh2 Bg4 26. Be2 Bxe2 27. Nxe2 Nf3+ 28. gxf3 exf3 29. Nf4 Qg4+ 30. Kh1 Nxf4 31. Qg1 Ng2 32. Rd4 Qh3 33. c7 Rac8 34. Rd7 Kg7 35. Rd6 Re4 36. Rcd1 Nxe3 37. fxe3 Rg4 0-1

[Event "Karvina op"]
[Site "Karvina"]
[Date "2006.07.??"]
[Round "1"]
[White "Ramik, Jan"]
[Black "Kovalev, Andrei"]
[Result "0-1"]
[WhiteElo "1995"]
[BlackElo "2526"]
[PlyCount "58"]
[EventDate "2006.07.??"]
[EventType "swiss"]
[EventRounds "7"]
[EventCountry "CZE"]
[SourceTitle "EXT 2008"]
[Source "ChessBase"]
[SourceDate "2007.11.25"]
[SourceVersion "1"]
[SourceVersionDate "2007.11.25"]
[SourceQuality "1"]

1. Nf3 Nf6 2. b3 g6 3. Bb2 Bg7 4. e3 0-0 5. Be2 d6 6. c4 e5 7. d4 e4 8. Nfd2 Re8 9. Nc3 h5 10. h3 c6 11. Rc1 h4 12. Qc2 Bf5 13. Nf1 d5 14. Nh2 Na6 15. a3 dxc4 16. bxc4 Nc7 17. 0-0 Ne6 18. Rfd1 Ng5 19. Bf1 Nd7 20. Rd2 Qc7 21. Qd1 Rad8 22. Ng4 Nf6 23. Ne5 Bxh3 24. gxh3 Rxe5 25. Bg2 Rf5 26. d5 Nf3+ 27. Bxf3 exf3 28. d6 Qd7 29. Kh2 Qe6 0-1

[Event "Karvina op"]
[Site "Karvina"]
[Date "2006.07.??"]
[Round "4"]
[White "Trombik, Karel"]
[Black "Ramik, Jan"]
[Result "1-0"]
[WhiteElo "2214"]
[BlackElo "1995"]
[PlyCount "63"]
[EventDate "2006.07.??"]
[EventType "swiss"]
[EventRounds "7"]
[EventCountry "CZE"]
[SourceTitle "EXT 2008"]
[Source "ChessBase"]
[SourceDate "2007.11.25"]
[SourceVersion "1"]
[SourceVersionDate "2007.11.25"]
[SourceQuality "1"]

1. c4 Nf6 2. Nc3 e6 3. e4 d5 4. e5 d4 5. exf6 dxc3 6. bxc3 Qxf6 7. d4 c5 8. Nf3 cxd4 9. cxd4 Nc6 10. a3 Bd6 11. Be2 e5 12. d5 Nd4 13. Nxd4 exd4 14. Bb2 Be5 15. 0-0 0-0 16. Qd2 Qb6 17. Rfd1 Re8 18. Bf3 Qc7 19. Bxd4 Bxh2+ 20. Kh1 Bf4 21. Qc3 Qd6 22. g3 Qh6+ 23. Kg1 Bg5 24. c5 Bf5 25. d6 Be4 26. Bxe4 Rxe4 27. Kg2 Qe6 28. Qf3 Re8 29. Rab1 Qa2 30. Rxb7 Be3 31. Bxe3 Rxe3 32. d7 1-0

[Event "Karvina op"]
[Site "Karvina"]
[Date "2001.07.03"]
[Round "4"]
[White "Ramik, Jan"]
[Black "Karlik, Vladimir"]
[Result "0-1"]
[WhiteElo "2085"]
[BlackElo "2302"]
[PlyCount "49"]
[EventDate "2001.06.30"]
[EventType "swiss"]
[EventRounds "9"]
[EventCountry "CZE"]
[SourceTitle "EXT 2002"]
[Source "ChessBase"]
[SourceDate "2001.11.25"]
[SourceVersion "1"]
[SourceVersionDate "2001.11.25"]
[SourceQuality "1"]

1. Nf3 d6 2. d4 g6 3. c4 Bg7 4. Nc3 Nf6 5. e3 0-0 6. Be2 Nbd7 7. b4 e5 8. 0-0 Re8 9. Qc2 Nf8 10. Bb2 e4 11. Nd2 Bf5 12. Rfd1 h5 13. Nb3 Ng4 14. h3 Nh6 15. d5 Qh4 16. Nd4 Bc8 17. Ndb5 Re7 18. c5 Be5 19. Bf1 a6 20. g3 Bxg3 21. Nxc7 Ng4 22. Nxe4 Bxf2+ 23. Nxf2 Qg3+ 24. Bg2 Qh2+ 25. Kf1 0-1